| 000 | 00501nam a2200145Ia 4500 | ||
|---|---|---|---|
| 008 | 100122s9999 xx 000 0 und d | ||
| 082 |
_b41279 _a291.211 |
||
| 100 | _aदेवळे शं रा | ||
| 245 | _aआपले देव आपली दैवते - 1 | ||
| 260 |
_bशकुन प्रकाशन _c1987 |
||
| 300 | _a133 | ||
| 630 | _aआपले देव आपली दैवते - 1 | ||
| 730 | _aआपले देव आपली दैवते - 1 | ||
| 942 | _cBOOK | ||
| 999 |
_c421944 _d421941 |
||